000 nam a22 7a 4500
999 _c29061
_d29061
008 171106b xxu||||| |||| 00| 0 eng d
020 _a9780194799515
050 _a PE 1628 .H67 2015
100 _aHornby,Albert Sydney
_d2015
245 _aOxford advanced learner's dictionary of current English/
_cAlbert Sydney Hornby.
260 _aUnited Kingdom:
_bOxford University Press,
_c2015.
300 _a1 vol. (1755 p.) :
_bill., couv. ill. en coul.
_ecd
650 _aEnglish language
_vDictionaries.
650 _aEnglish language.
942 _2lcc
_cREF_BOOK
_h PE 1628 .H67 2015